| 000 | 00494nam a2200145Ia 4500 | ||
|---|---|---|---|
| 008 | 231129s2005||||xx |||||||||||||| ||spa|| | ||
| 020 | _a958-04-8952-1 | ||
| 040 | _bspa | ||
| 082 | _a303.66 S387p | ||
| 100 | _aSchultze-Kraft Markus | ||
| 245 | 0 | _aPacificación y poder civil en Centroamérica: Las relaciones cívico-militares en El Salvador Guatemala y Nicaragua en el posconflito | |
| 260 | _c2005 | ||
| 264 | _aBogotá; Norma | ||
| 942 |
_2ddc _cBKS |
||
| 999 |
_c22284 _d22284 |
||